Digitálna satelitná televízia

Bibliographic Details
Main Author: Macko, Ondrej (Author)
Format: Article
Language:Slovak
PhysicalDescription:Fotogr., tab., mp.
ISSN:1335-0226
Subjects:

MARC

LEADER 00000nab a2200000 a 4500
001 vtls001521023
003 SK-MaSNL
005 20260304145453.0
008 250505c2004 xo mr|p|||||||000 b|slo
015 |a SNBRB2005/03  |2 snkbucl 
035 |a (uuid)5a34bc76-12c4-4e9e-ac96-62ac3cc1f187 
035 |a urn:nbn:sk:snk-abuvw 
035 |a (urnnbn)urn:nbn:sk:snk:ar-a05ed3 
038 |a SNKBUCL 
040 |a SNKBUCL  |b slo  |c SNKBUCL  |e AACR2 
041 0 |a slo 
044 |a xo  |c SK 
080 |a 621.397.13.037.37:629.783  |2 1997 
080 |a 621.396.946:629.783  |2 1997 
080 |a 629.783  |2 1997 
100 1 |a Macko, Ondrej  |4 aut  |9 270160 
245 1 0 |a Digitálna satelitná televízia  |c Ondrej Macko 
300 |b Fotogr., tab., mp. 
650 0 7 |a digitálna satelitná televízia  |2 snkbucl  |9 1458402 
650 0 7 |a satelitné televízne antény  |2 snkbucl  |9 1468337 
650 0 7 |a satelitné televízne prijímače  |2 snkbucl  |9 1468338 
773 0 |t PC revue  |g Roč. XII, č. 8 (2004), s. 20-25  |x 1335-0226 
850 |a Slovenská národná knižnica 
852 |a Slovenská národná knižnica 
954 |a odborná, vedecká literatúra pôvodná (slovenská)  |2 lita 
958 |a article27 
958 |a OND 
958 |a EUIPO 
999 |c 2935713  |d 2937643